000 00860nam a22002774a 4500
001 UByD004215
003 AR-LpoUNG
005 20260107135720.0
008 250925s2023 ag jr 000 1 spa d
020 _a9789504671411
040 _aAR-LpoUNG
_bspa
_cAR-LpoUNG
_eaacr
041 0 _aspa
082 0 _a808.068 3 233pie
100 1 _aGarland, Inés
245 1 0 _aPiedra, papel o tijera
250 _a1ra. ed.
260 _aBuenos Aires :
_bLoqueleo,
_c2023.
300 _a187 p.
490 0 _aIdentidades bonaerenses
505 0 _aSugerido a partir de los 12 años (etiqueta FUCSIA).
650 4 _aLiteratura argentina
650 4 _aNarrativa
653 0 _aLiteratura infantojuvenil
942 _2ddc
_cLIB
999 _c67206
_d67206